01150nas a2200277 4500001001000000003000900010005001700019007000300036008003400039040005400073041000900127072000800136100002400144100002000168245014200188246015600330650002100486650001100507650000900518650002200527773009600549909004000645942001800685999001900703952015000722BR8101853BR-BrBNA20231205084611.0ta230509b bl.|||p| |||| 00| 00por d aBR-BrBNAbporcBiblioteca Nacional de Agricultura a(Pt) aL401 aSilveira, C.F.B. da1 aMenegheti, J.O.1 aEstudo sobre a relacao peso e sexo em Nothura maculosa (Temminck, 1815)(Aves, Tinamiformes, Tinamidae)[Perdiz; Rio Grande do Sul; Brasil]1 a[Study on the weight and sex relationship in Nothura maculosa (Temminck, 1815)(Poultry, Tinamiformes, Tinamidae)[Partrioge; Rio Grande do Sul; Brazil]] aEstrutura animal aPerdiz aPeso aRio Grande do Sul0 tIheringia. Serie Zoologia (Brazil)xISSN 0073-4721g(Feb 1981), (no. 58) p. 7-16wBR8101853 a202311bLúciac55dLúcia Elande 2AGRISn0cANA c106177d106177 002AGRIS4071a41918b41918cPeriódicos Agrícolash(Feb 1981), (no. 58) p. 7-16l0r2023-11-29t01yCRePortaria Interministerial nº 164/94